| 000 | 00561nam a2200181Ia 4500 | ||
|---|---|---|---|
| 003 | GCL | ||
| 008 | 140319s9999 xx 000 0 ara d | ||
| 040 |
_aGCL / _cGCL |
||
| 082 | 0 | 4 |
_a612.01 _bك ك |
| 100 | 1 | _aكامل خليفة حسين | |
| 245 | 1 | 0 |
_a"الكيمياء الحيوية الطبية ""الجزء الاول""" / _cكامل خليفة حسين |
| 260 |
_a[S.N] : _bمكتبة النهضة المصرية ، _c1961 |
||
| 300 | _a718 ص | ||
| 490 | _a | ||
| 650 | 0 | 4 | _aالطب |
| 650 | 0 | 4 | _aالكيمياء الحيوية |
| 942 |
_2ddc _cBK |
||
| 999 |
_c29382 _d29382 |
||